000 00437nam a2200145Ia 4500
008 230917s9999||||xx |||||||||||||| ||und||
040 _e164056
_aMAIN
041 _aEnglish
082 _a891.4317109 MB896:TS
100 _aठाकुर, सम्पत
245 0 _aमुक्ति बोधः पूनर्मूल्यांकन
260 _aआगरा
_bप्रगति
_c1978
300 _a173 p.
942 _cHN
999 _c193139
_d193139